[Event "ROM-ch U10 Girls"]
[Site "Calimanesti"]
[Date "2014.04.09"]
[Round "5"]
[White "Coman, Ana Cristina"]
[Black "Iancu, Alexandra Valeria"]
[Result "1-0"]
[WhiteElo "1258"]
[BlackElo "1077"]
[PlyCount "79"]
[EventDate "2014.04.06"]
[EventType "swiss"]
[EventRounds "9"]
[EventCountry "ROU"]
[SourceTitle "CBM 160 Extra"]
[Source "ChessBase"]
[SourceDate "2014.07.01"]
[SourceVersion "1"]
[SourceVersionDate "2014.07.01"]
[SourceQuality "1"]

1. e4 e5 2. Nf3 Nc6 3. Bc4 Bc5 4. 0-0 Nf6 5. Re1 0-0 6. c3 d6 7. h3 h6 8. d4 exd4 9. cxd4 Bb6 10. Nc3 Re8 11. Bb3 Ba5 12. Bc2 d5 13. e5 Ne4 14. Bxe4 dxe4 15. Rxe4 Bf5 16. Rh4 Nxd4 17. Rxd4 Qc8 18. Rh4 c5 19. Be3 Bd8 20. Qa4 Bxh4 21. Qxh4 Qc6 22. Qf4 Bh7 23. Qg3 Bg6 24. Rd1 Rad8 25. Rd6 Rxd6 26. exd6 Qb6 27. d7 Ra8 28. Na4 Qb5 29. Nxc5 b6 30. Qc7 Kh7 31. Qc8 Rxc8 32. dxc8Q bxc5 33. Qxc5 Qxb2 34. Qxa7 Qb1+ 35. Kh2 Qf1 36. Bd4 Be4 37. Qxf7 Qxg2+ 38. Kxg2 Bxf3+ 39. Kxf3 h5 40. Qxg7# 1-0

[Event "ROM-ch U10 Girls"]
[Site "Calimanesti"]
[Date "2014.04.07"]
[Round "2"]
[White "Popa, Andra Maria"]
[Black "Iancu, Alexandra Valeria"]
[Result "1-0"]
[WhiteElo "1001"]
[BlackElo "1077"]
[PlyCount "109"]
[EventDate "2014.04.06"]
[EventType "swiss"]
[EventRounds "9"]
[EventCountry "ROU"]
[SourceTitle "CBM 160 Extra"]
[Source "ChessBase"]
[SourceDate "2014.07.01"]
[SourceVersion "1"]
[SourceVersionDate "2014.07.01"]
[SourceQuality "1"]

1. e4 e5 2. Nf3 Nc6 3. Nc3 Nf6 4. d4 exd4 5. Nxd4 Nxd4 6. Qxd4 b6 7. Qe5+ Be7 8. Nd5 Nxd5 9. Qxd5 Rb8 10. Qe5 0-0 11. Be2 Bf6 12. Qf4 h6 13. e5 Bg5 14. Qd4 Bxc1 15. Rxc1 d6 16. 0-0 c5 17. Qxd6 Bd7 18. Rcd1 Rb7 19. Bf3 Rc7 20. Bc6 Rxc6 21. Qxd7 Qa8 22. Rd6 Rxd6 23. Qxd6 Re8 24. Re1 Re6 25. Qd7 Rg6 26. Qh3 Kh7 27. e6 fxe6 28. Rxe6 Rg5 29. Qf3 Qd8 30. Qe4+ Rf5 31. Qxf5+ Kg8 32. h3 Qd7 33. Re5 Qd1+ 34. Kh2 Qd6 35. Qe6+ Qxe6 36. Rxe6 Kf7 37. Rc6 Ke7 38. Rc7+ Kd6 39. Rxa7 g5 40. Rh7 c4 41. Rxh6+ Kd5 42. Rxb6 Kc5 43. Rg6 Kb4 44. Rxg5 Ka4 45. f4 Kb4 46. f5 c3 47. bxc3+ Kc4 48. f6 Kxc3 49. f7 Kxc2 50. f8Q Kb2 51. Qa8 Ka1 52. a4 Ka2 53. a5 Ka3 54. a6 Ka4 55. a7 1-0